[Event "Regionalliga Sued-Ost 1819"]
[Site "Bayern"]
[Date "2018.11.25"]
[Round "3.7"]
[White "Haussmann, Gino"]
[Black "Heiduk, Christoph"]
[Result "0-1"]
[WhiteElo "1752"]
[BlackElo "1855"]
[PlyCount "104"]
[EventDate "2018.10.21"]
[EventType "team-tourn"]
[EventRounds "9"]
[EventCountry "GER"]
[SourceTitle "EXT 2022"]
[Source "ChessBase"]
[SourceDate "2021.10.06"]
[SourceVersion "1"]
[SourceVersionDate "2021.10.06"]
[SourceQuality "1"]
[WhiteTeam "Ebersberg Grafing"]
[BlackTeam "Bayerwald Regen/Zwiesel"]
[WhiteTeamCountry "GER"]
[BlackTeamCountry "GER"]

1. d4 Nf6 2. Nf3 e6 3. Bf4 b6 4. Nc3 Bb7 5. Qd3 Ba6 6. Qd2 d5 7. e3 Bxf1 8. Rxf1 Bd6 9. Bg5 Be7 10. Ne5 0-0 11. f4 c5 12. Rf3 Qc7 13. 0-0-0 Nbd7 14. Rg3 Rfc8 15. Qe2 Nf8 16. Rf1 Ng6 17. h4 Ne4 18. Nxe4 dxe4 19. Bxe7 Nxe7 20. c3 Nf5 21. Rh3 f6 22. Ng4 Qc6 23. Nf2 cxd4 24. exd4 e3 25. Nd1 Nxd4 26. Qxe3 Qd5 27. Kb1 Qf5+ 28. Qd3 Nb5 29. Qxf5 exf5 30. Rd3 Rd8 31. Rxd8+ Rxd8 32. Ne3 g6 33. Rf2 Nc7 34. h5 Ne6 35. Kc2 Kg7 36. b4 b5 37. g3 Kf7 38. hxg6+ hxg6 39. g4 fxg4 40. f5 gxf5 41. Rxf5 Kg6 42. Rxb5 g3 43. Ng2 Rh8 44. Rd5 Rh2 45. Rd2 f5 46. Kd3 Kg5 47. Ke3 Kg4 48. Rd6 f4+ 49. Kd3 Ng5 50. Ne1 Rxa2 51. Rg6 g2 52. c4 Ra3+ 0-1

[Event "Landesliga U20 Sued 1112"]
[Site "Bayern"]
[Date "2011.12.03"]
[Round "2.1"]
[White "Eichinger, Christoph"]
[Black "Haussmann, Gino"]
[Result "1-0"]
[WhiteElo "1974"]
[BlackElo "1701"]
[PlyCount "107"]
[EventDate "2011.11.12"]
[EventType "team-tourn"]
[EventRounds "7"]
[EventCountry "GER"]
[SourceTitle "EXT 2022"]
[Source "ChessBase"]
[SourceDate "2021.10.06"]
[SourceVersion "1"]
[SourceVersionDate "2021.10.06"]
[SourceQuality "1"]
[WhiteTeam "Kareth Lappersdorf U20"]
[BlackTeam "Ebersberg Grafing U20"]
[WhiteTeamCountry "GER"]
[BlackTeamCountry "GER"]

1. e4 e6 2. d3 d5 3. Nd2 Nf6 4. g3 b6 5. Bg2 Bb7 6. Qe2 Be7 7. Ngf3 c5 8. 0-0 Nc6 9. e5 Nd7 10. Re1 a5 11. Nf1 0-0 12. h4 Ba6 13. c3 Re8 14. Bh3 h6 15. N1h2 Nf8 16. Ng4 d4 17. c4 h5 18. Ngh2 b5 19. b3 Nh7 20. Bf4 g6 21. Nd2 Nb4 22. Ne4 bxc4 23. bxc4 Bb7 24. a3 Bxe4 25. axb4 Bb7 26. b5 Bxh4 27. Bg2 Bxg2 28. Kxg2 Be7 29. Ra4 Qb6 30. Rea1 Bd8 31. Bd2 Ra7 32. Bxa5 Qb7+ 33. Qf3 Nf8 34. Bxd8 Qxf3+ 35. Nxf3 Rxa4 36. Rxa4 Rxd8 37. Nd2 g5 38. f4 Ng6 39. Kf3 h4 40. Ne4 gxf4 41. gxf4 h3 42. Ra2 Rc8 43. Ng5 Nh4+ 44. Kg3 Ng2 45. Nxh3 Ne3 46. Nf2 Kh7 47. Ne4 Kh6 48. Nd6 Rg8+ 49. Kf3 Kg6 50. Ra1 f5 51. Rg1+ Ng4 52. b6 Rb8 53. b7 Kg7 54. Ra1 1-0